| 000 | nam a22 a 4500 | ||
|---|---|---|---|
| 999 |
_c851 _d851 |
||
| 005 | 20170505144756.0 | ||
| 008 | 170505b1984 io ||||| |||| 00| 0 eng d | ||
| 040 | _aAKMAL | ||
| 082 | _a297.1 YOE | ||
| 090 |
_a297.1 _bYOE |
||
| 100 |
_aYoesoef Souyb _91835 |
||
| 245 |
_aPemikiran Islam Merobah Dunia _cYoesoef Souyb |
||
| 260 |
_aIndonesia _bFirma Madju _c1984 |
||
| 300 |
_a332 ms.; _c20 cm |
||
| 942 |
_2ddc _cBOOK |
||